| Tag |
First Indicator |
Second Indicator |
Subfields |
| LEADER |
00000cam a2200000Ia 4500 |
| 001 |
in00001663218 |
| 005 |
20151024121152.0 |
| 008 |
010425s1991 xx a 000 1 eng d |
| 035 |
|
|
|a (OCoLC)ocm46812336
|
| 040 |
|
|
|a BGU
|c BGU
|d TXA
|d UtOrBLW
|
| 049 |
|
|
|a TXAM
|
| 090 |
|
|
|a PN1992.77.S73
|b S784 1991
|
| 100 |
1 |
|
|a Sternbach, Rick.
|
| 245 |
1 |
0 |
|a Star trek, the next generation :
|b writers' technical manual : or, "Yes, but which button do I push to fire the phasers?" /
|c by Rick Sternbach and Michael Okuda.
|
| 246 |
1 |
|
|a Writers' technical manual
|
| 250 |
|
|
|a Fifth season ed.
|
| 264 |
|
1 |
|a [Place of publication not identified] :
|b [publisher not identified],
|c [1991?]
|
| 300 |
|
|
|a 51 leaves :
|b illustrations ;
|c 28 cm.
|
| 336 |
|
|
|a text
|b txt
|2 rdacontent
|
| 337 |
|
|
|a unmediated
|b n
|2 rdamedia
|
| 338 |
|
|
|a volume
|b nc
|2 rdacarrier
|
| 500 |
|
|
|a Includes index.
|
| 630 |
0 |
0 |
|a Star trek, the next generation (Television program)
|
| 650 |
|
0 |
|a Science fiction.
|
| 700 |
1 |
|
|a Okuda, Michael.
|
| 730 |
0 |
|
|a Star trek, the next generation (Television program)
|
| 994 |
|
|
|a E0
|b TXA
|
| 948 |
|
|
|a cataloged
|b h
|c 2002/2/27
|d c
|e mzajicek
|f 8:34:20 am
|
| 999 |
|
|
|a MARS
|
| 999 |
f |
f |
|s 7e34d4af-6bcc-323c-a5cb-cae2613cb09f
|i 36e4a3db-9260-3394-a6be-786a743c09a3
|t 0
|
| 952 |
f |
f |
|p noncirc
|a Texas A&M University
|b College Station
|c Cushing Memorial Library & Archives
|d Cushing: Science Fiction (Does not check out)
|t 0
|e PN1992.77.S73 S784 1991
|h Library of Congress classification
|i unmediated -- volume
|
| 998 |
f |
f |
|a PN1992.77.S73 S784 1991
|t 0
|l Cushing: Science Fiction (Does not check out)
|